Premier league standings in 2023/2024 season - Statistics

General Stats
  • This quiz has been taken 53 times
  • The average score is 13 of 20
Answer Stats
Hint Answer % Correct
#1 Man city
98%
#2 Arsenal
94%
#3 Liverpool
94%
#4 Aston villa
91%
#5 Tottenham
89%
#6 Chelsea
83%
#8 Man united
79%
#7 Newcastle
79%
#9 West Ham
72%
#18 Luton Town
70%
#15 Everton
68%
#11 Brighton
62%
#19 Burnley
62%
#10 Crystal Palace
62%
#20 Sheffield United
60%
#16 Brentford
53%
#12 Bournemouth
47%
#14 Wolves
47%
#17 Nottm Forest
13%
#13 Fulhom
6%
No matching quizzes found
Score Distribution
Percent of People with Each Score
Percentile by Number Answered
Your Score History
You have not taken this quiz